| 000 | 00478nam a2200193Ia 4500 | ||
|---|---|---|---|
| 008 | 170918s9999 xx 000 0 und d | ||
| 020 | _a9780590693332 | ||
| 050 | _bB772 1997 | ||
| 100 | _aBourgeois, Paulette | ||
| 245 | _aFranklin rides a bike / | ||
| 245 | _cPaulette Bourheois and Brenda Clark. | ||
| 260 | _aNew York : | ||
| 260 | _bScholastic, | ||
| 260 | _c1997 | ||
| 300 | _aunpaged : | ||
| 300 | _bcolored illustration ; | ||
| 300 | _c23cm. | ||
| 500 | _a370 | ||
| 999 |
_c341305 _d341305 |
||